Automatismo y control
| Main Author: | |
|---|---|
| Format: | Section = Libro |
| Language: | Undetermined Spanish |
| Published: |
Barcelona
Gustavo Gili
1975
|
| Edition: | 2a.ed. |
| Subjects: |
| LEADER | 00635nam a2200229Ia 4500 | ||
|---|---|---|---|
| 008 | 241007s9999||||xx |||||||||||||| ||und|| | ||
| 020 | |a 84-252-0312-0 | ||
| 040 | |a BIBLIOTECA-RURC/ 629.8 L864 | ||
| 041 | |a spa | ||
| 082 | |a 629.8 L864 | ||
| 100 | 1 | |a López Navarro, Tomas | |
| 245 | 1 | 0 | |a Automatismo y control |
| 250 | |a 2a.ed. | ||
| 260 | |a Barcelona |b Gustavo Gili |c 1975 | ||
| 300 | |a 436 p.:il. | ||
| 650 | 7 | |a CONTROL AUTOMATICO | |
| 650 | 7 | |b DISEÑO DE ALIMENTADORES AUTOMÁTICOS | |
| 650 | 7 | |c MONTAJE DE CIRCUITOS | |
| 650 | 7 | |d CLASIFICACIÓN DE LOS SISTEMAS DE REGULACIÓN | |
| 942 | |c BK |2 ddc | ||
| 991 | |a TEXTO | ||
| 999 | |c 14509 | ||